Destroyer Songs - Statistics

General Stats
  • This quiz has been taken 36 times
    17 since last reset
  • The average score is 79 of 168
Answer Stats
Group Answer % Correct
Poison Season Bangkok
100%
Dan's Boogie Bologna
100%
Dan's Boogie Dan's Boogie
100%
Destroyer's Rubies European Oils
100%
Dan's Boogie Hydroplaning Off the Edge of the World
100%
Your Blues It's Gonna Take an Airplane
100%
Poison Season Times Square
100%
Poison Season Times Square, Poison Season I
100%
Poison Season Times Square, Poison Season II
100%
Destroyer's Rubies Your Blood
100%
Destroyer's Rubies 3000 Flowers
67%
LABYRINTHITIS All My Pretty Dresses
67%
Poison Season Archer on the Beach
67%
Kaputt Bay of Pigs (detail)
67%
Kaputt Blue Eyes
67%
Dan's Boogie Cataract Time
67%
Kaputt Chinatown
67%
Have We Met Crimson Tide
67%
Thief Destroyer's the Temple
67%
Kaputt Downtown
67%
Poison Season Dream Lover
67%
LABYRINTHITIS Eat the Wine, Drink the Bread
67%
Trouble in Dreams Foam Hands
67%
Have We Met Foolssong
67%
Poison Season Forces From Above
67%
Have We Met Have We Met
67%
Poison Season Hell
67%
Have We Met It Just Doesn't Happen
67%
LABYRINTHITIS It's in Your Heart Now
67%
LABYRINTHITIS It Takes a Thief
67%
LABYRINTHITIS June
67%
Kaputt Kaputt
67%
Have We Met Kinda Dark
67%
Destroyer's Rubies Looters' Follies
67%
Destroyer's Rubies Painter in Your Pocket
67%
Destroyer's Rubies Priest's Knees
67%
Destroyer's Rubies Rubies
67%
Kaputt Savage Night at the Opera
67%
Destroyer's Rubies Sick Priest Learns to Last Forever
67%
Poison Season Solace's Bride
67%
Kaputt Song for America
67%
Streethawk: A Seduction Streethawk I
67%
Streethawk: A Seduction Streethawk II
67%
LABYRINTHITIS Suffer
67%
Kaputt Suicide Demo for Kara Walker
67%
Poison Season Sun in the Sky
67%
Dan's Boogie Sun Meet Snow
67%
LABYRINTHITIS The Last Song
67%
Have We Met The Man in Black's Blues
67%
This Night The Night Moves
67%
Have We Met The Raven
67%
Poison Season The River
67%
Dan's Boogie The Same Thing as Nothing at All
67%
Trouble in Dreams The State
67%
LABYRINTHITIS The States
67%
Streethawk: A Seduction The Sublimation Hour
67%
This Night This Night
67%
ken Tinseltown Swimming in Blood
67%
Have We Met University Hill
67%
Destroyer's Rubies Watercolours Into the Ocean
67%
Your Blues Your Blues
67%
Destroyer's Rubies A Dangerous Woman Up to a Point
33%
ken A Light Travels Down the Catwalk
33%
Your Blues An Actor's Revenge
33%
Streethawk: A Seduction Beggars Might Ride
33%
Trouble in Dreams Blue Flower / Blue Flame
33%
We'll Build Them a Golden Bridge Breakin' the Law
33%
Thief Canadian Lover / Falcon's Escape
33%
Your Blues Certain Things You Ought to Know
33%
Thief City of Daughters
33%
City of Daughters Comments On the World As Will
33%
ken Cover From the Sun
33%
This Night Crystal Country
33%
Have We Met Cue Synthesizer
33%
Trouble in Dreams Dark Leaves Form a Thread
33%
City of Daughters Dark Purposes
33%
Thief Death of the Festival Circuit
33%
Your Blues Mad Foxes
33%
Your Blues Don't Become the Thing You Hated
33%
City of Daughters Emax I
33%
City of Daughters Emax II
33%
City of Daughters Emax III
33%
Streethawk: A Seduction English Music
33%
Thief Every Christmas
33%
Streethawk: A Seduction Farrar, Straus & Giroux (Sea of Tears)
33%
Your Blues From Oakland to Warsaw
33%
Poison Season Girl in a Sling
33%
This Night Goddess of Drought
33%
Streethawk: A Seduction Helena
33%
This Night Here Comes the Night
33%
This Night Hey, Snow White
33%
This Night Holly Going Lightly
33%
We'll Build Them a Golden Bridge I, As McCarthy
33%
Thief I.H.O.J.
33%
Dan's Boogie I Materialize
33%
Thief In Dreams
33%
ken In the Morning
33%
Trouble in Dreams Introducing Angels
33%
We'll Build Them a Golden Bridge Islands in the Stream
33%
ken Ivory Coast
33%
City of Daughters I Want This Cyclops
33%
We'll Build Them a Golden Bridge J. Tailor
33%
We'll Build Them a Golden Bridge Knowing When to Leave (Slang Mix)
33%
LABYRINTHITIS Labyrinthitis
33%
ken La Regle du Jeu
33%
We'll Build Them a Golden Bridge Leave Little Fiddler (Alone)
33%
Trouble in Dreams Leopard of Honor
33%
Trouble in Dreams Libby's First Sunrise
33%
City of Daughters Loves of a Gnostic
33%
This Night Makin' Angels
33%
City of Daughters Melanie and Jennifer and Melanie
33%
We'll Build Them a Golden Bridge Mending Song
33%
Thief M.E.R.C.I.
33%
Thief Mercy (We Had the Right)
33%
Poison Season Midnight Meet the Rain
33%
This Night Modern Painters
33%
Trouble in Dreams My Favorite Year
33%
Your Blues New Ways of Living
33%
City of Daughters No Cease Fires (Crimes Against the State of Our Love, Baby)
33%
Your Blues Notorious Lightning
33%
Trouble in Dreams Plaza Trinidad
33%
Kaputt Poor in Love
33%
Thief Queen of Language
33%
City of Daughters Rereading the Marble Faun
33%
We'll Build Them a Golden Bridge Revolution
33%
We'll Build Them a Golden Bridge Riots
33%
Trouble in Dreams Rivers
33%
ken Rome
33%
We'll Build Them a Golden Bridge Saddestroyer
33%
ken Saw You at the Hospital
33%
City of Daughters School, and the Girls Who Go There
33%
This Night Self Portrait With Thing (Tonight is Not Your Night)
33%
Trouble in Dreams Shooting Rockets (From the Desk of Night's Ape)
33%
City of Daughters Signs
33%
ken Sky's Grey
33%
We'll Build Them a Golden Bridge Smith
33%
ken Sometimes in the World
33%
City of Daughters Son of the Earth
33%
City of Daughters State of the Union
33%
ken Stay Lost
33%
We'll Build Them a Golden Bridge Streets of Fire
33%
Streethawk: A Seduction Strike
33%
This Night Students Carve Hearts Out of Coal
33%
Streethawk: A Seduction The Bad Arts
33%
This Night The Chosen Few
33%
Streethawk: A Seduction The Crossover
33%
Your Blues The Fox and the Hound
33%
Dan's Boogie The Ignoramus of Love
33%
Your Blues The Music Lovers
33%
We'll Build Them a Golden Bridge The Pornographers
33%
This Night The Relevant Ballads
33%
City of Daughters The Space Race
33%
Have We Met The Television Music Supervisor
33%
Streethawk: A Seduction The Very Modern Dance
33%
Thief Thief
33%
LABYRINTHITIS Tintoretto, It's For You
33%
Thief To the Heart of the Sun on the Back of Vulture, I'll Go
33%
Dan's Boogie Travel Light
33%
This Night Trembling Peacock
33%
Streethawk: A Seduction Virgin With a Memory
33%
We'll Build Them a Golden Bridge War on Jazz
33%
City of Daughters War on Jazz II or How I Learned to Love the War on Jazz
33%
Thief Way of Perpetual Roads
33%
Your Blues What Road
33%
We'll Build Them a Golden Bridge Whistlin' Dixie (She Shoots)
33%
City of Daughters You Were So Cruel
33%
This Night I Have Seen a Light
0%
We'll Build Them a Golden Bridge Rose
0%
No matching quizzes found
Score Distribution
Percent of People with Each Score
Percentile by Number Answered
Your Score History
You have not taken this quiz since the last reset